[Event "Wch U14"]
[Site "Menorca"]
[Date "1996.??.??"]
[Round "4"]
[White "Aronian, Levon"]
[Black "Lurie, Michael"]
[Result "1-0"]
[WhiteElo "2390"]
[BlackElo "2070"]
[PlyCount "85"]
[EventDate "1996.??.??"]
[EventType "swiss"]
[EventRounds "11"]
[EventCountry "ESP"]
[SourceTitle "Juniors"]
[Source "ChessBase"]
[SourceDate "1999.07.01"]
[SourceVersion "1"]
[SourceVersionDate "1999.07.01"]
[SourceQuality "1"]

1. e4 Nf6 2. e5 Nd5 3. Nf3 d6 4. d4 dxe5 5. Nxe5 g6 6. Bc4 c6 7. O-O Bg7 8. Re1
O-O 9. c3 Nd7 10. Nf3 N7b6 11. Bb3 a5 12. a4 h6 13. Nbd2 Bg4 14. h3 Bxf3 15.
Nxf3 Nd7 16. Bd2 e6 17. Bc2 Qc7 18. Qc1 Kh7 19. Re4 h5 20. Rh4 Kg8 21. Bh6 N7f6
22. Ne5 Nd7 23. Rxh5 Nxe5 24. Bxg7 Nf3+ 25. gxf3 Kxg7 26. Qh6+ Kf6 27. Re1 Rh8
28. Qg5+ Kg7 29. Bxg6 Qf4 30. Bc2+ Qxg5+ 31. Rxg5+ Kf6 32. Rg3 Rh4 33. Bd3 Rah8
34. Bf1 Nf4 35. Kh2 R4h5 36. Re4 Ng6 37. Bd3 b5 38. axb5 cxb5 39. Reg4 R8h6 40.
f4 a4 41. Bxg6 Rxg6 42. Rxg6+ fxg6 43. Rg5 1-0

[Event "Wch U14"]
[Site "Menorca"]
[Date "1996.??.??"]
[Round "7"]
[White "Shinkevich, Vitaly"]
[Black "Aronian, Levon"]
[Result "1/2-1/2"]
[WhiteElo "2400"]
[BlackElo "2390"]
[PlyCount "37"]
[EventDate "1996.??.??"]
[EventType "swiss"]
[EventRounds "11"]
[EventCountry "ESP"]
[SourceTitle "Juniors"]
[Source "ChessBase"]
[SourceDate "1999.07.01"]
[SourceVersion "1"]
[SourceVersionDate "1999.07.01"]
[SourceQuality "1"]

1. Nf3 Nf6 2. g3 g6 3. b3 Bg7 4. Bb2 O-O 5. Bg2 b6 6. O-O Bb7 7. d4 c5 8. dxc5
bxc5 9. c4 d6 10. Nc3 Nbd7 11. Qc2 Rb8 12. Rfe1 Ne4 13. Nd1 Ndf6 14. Nd2 Qa5
15. Nf3 Ng5 16. Bc3 Nxf3+ 17. Bxf3 Qb6 18. Bxb7 Qxb7 19. Ne3 1/2-1/2

[Event "Wch U14"]
[Site "Menorca"]
[Date "1996.??.??"]
[Round "11"]
[White "Aronian, Levon"]
[Black "Khamrakulov, Ibragim S"]
[Result "1-0"]
[WhiteElo "2390"]
[BlackElo "2310"]
[PlyCount "95"]
[EventDate "1996.??.??"]
[EventType "swiss"]
[EventRounds "11"]
[EventCountry "ESP"]
[SourceTitle "Juniors"]
[Source "ChessBase"]
[SourceDate "1999.07.01"]
[SourceVersion "1"]
[SourceVersionDate "1999.07.01"]
[SourceQuality "1"]

1. e4 c5 2. Nf3 e6 3. d4 cxd4 4. Nxd4 Qb6 5. Nb3 Qc7 6. Bd3 Nf6 7. O-O d5 8.
Nc3 dxe4 9. Nxe4 Nbd7 10. Qf3 Nxe4 11. Qxe4 Bd6 12. h3 Nf6 13. Qh4 Bd7 14. Bg5
Be5 15. c3 Nd5 16. Rfe1 h6 17. Rad1 g6 18. Bc1 Bf6 19. Qc4 O-O-O 20. Qxc7+ Nxc7
21. Be4 Bb5 22. Be3 Rxd1 23. Rxd1 b6 24. Nd4 Rd8 25. Bc2 Bc4 26. Bxh6 Bxa2 27.
Nf3 Bd5 28. Ng5 Rd7 29. g4 a5 30. f4 Be7 31. Kf2 f6 32. Nf3 f5 33. Ne5 Bc5+ 34.
Kg3 Rh7 35. g5 Ne8 36. Nxg6 Kc7 37. b4 axb4 38. cxb4 Bxb4 39. Bxf5 Nd6 40. Bb1
Ne4+ 41. Kh2 Rf7 42. Rd4 Bd6 43. Bxe4 Bxf4+ 44. Nxf4 Rxf4 45. g6 Rxe4 46. g7
Re2+ 47. Kg3 Rg2+ 48. Kh4 1-0

[Event "Yerevan op"]
[Site "Yerevan"]
[Date "1996.??.??"]
[Round "2"]
[White "Lobzhanidze, Davit"]
[Black "Aronian, Levon"]
[Result "1-0"]
[WhiteElo "2280"]
[BlackElo "2310"]
[PlyCount "115"]
[EventDate "1996.??.??"]
[EventType "swiss"]
[EventRounds "11"]
[EventCountry "ARM"]
[SourceTitle "CBM 052 Extra"]
[Source "ChessBase"]
[SourceDate "1996.07.01"]
[SourceVersion "1"]
[SourceVersionDate "1996.07.01"]
[SourceQuality "1"]

1. e4 c5 2. Nf3 d6 3. d4 cxd4 4. Nxd4 Nf6 5. Nc3 g6 6. Be3 Bg7 7. f3 Nc6 8. Qd2
O-O 9. O-O-O d5 10. Qe1 e5 11. Nxc6 bxc6 12. exd5 Nxd5 13. Bc4 Be6 14. Ne4 Qc7
15. Bc5 Rfd8 16. Qh4 h6 17. g4 Rab8 18. g5 h5 19. Qf2 Qb7 20. b3 Rd7 21. a4
Rbd8 22. Ba3 Qb6 23. Bc5 Qa5 24. Qe1 Qc7 25. Bf2 Bf5 26. Bg3 Nf4 27. Qe3 h4 28.
Bxh4 Ng2 29. Qf2 Nxh4 30. Qxh4 Bxe4 31. Rxd7 Qxd7 32. fxe4 Qd4 33. Kb1 Rb8 34.
Ka2 Qd2 35. Bd3 Bf8 36. Rf1 Rxb3 37. Kxb3 Qb4+ 38. Ka2 Qxa4+ 39. Kb1 Ba3 40.
Bc4 Qxc4 41. Rf3 Bb4 42. Rh3 Kf8 43. Qh8+ Ke7 44. Qxe5+ Qe6 45. Qc7+ Qd7 46.
Qxd7+ Kxd7 47. Rf3 Ke7 48. Kb2 Bd2 49. Rf6 c5 50. Rc6 Be3 51. Kc3 Kd7 52. Ra6
Bxg5 53. Kc4 Be3 54. Kd5 f5 55. Rxa7+ Kd8 56. exf5 gxf5 57. Rf7 f4 58. Ke4 1-0

[Event "Yerevan op"]
[Site "Yerevan"]
[Date "1996.??.??"]
[Round "6"]
[White "Matikozian, Andranik"]
[Black "Aronian, Levon"]
[Result "1/2-1/2"]
[WhiteElo "2295"]
[BlackElo "2310"]
[PlyCount "132"]
[EventDate "1996.??.??"]
[EventType "swiss"]
[EventRounds "11"]
[EventCountry "ARM"]
[SourceTitle "CBM 052 Extra"]
[Source "ChessBase"]
[SourceDate "1996.07.01"]
[SourceVersion "1"]
[SourceVersionDate "1996.07.01"]
[SourceQuality "1"]

1. e4 c5 2. Nf3 d6 3. Nc3 Nf6 4. d4 cxd4 5. Nxd4 g6 6. Bc4 Bg7 7. O-O O-O 8.
Re1 Nc6 9. Bb3 Qa5 10. Nde2 Bd7 11. Nf4 Rfe8 12. Nfd5 Nxd5 13. Nxd5 Be6 14. Bd2
Qd8 15. c3 Na5 16. Bg5 Nxb3 17. axb3 Qd7 18. Qd2 Bxd5 19. exd5 e5 20. dxe6 Rxe6
21. Be3 a6 22. Red1 Rae8 23. Ra5 Qe7 24. h3 Be5 25. Rd5 Qc7 26. b4 Qc4 27. Qd3
Qa2 28. Rb1 Qa4 29. Ra5 Qc6 30. b5 axb5 31. Rxb5 Ra8 32. Rb6 Qc7 33. Qb5 Re7
34. Bg5 Rd7 35. Re1 Re8 36. Kf1 Re6 37. Qb3 Kg7 38. Rb5 h6 39. Be3 Rde7 40. Ra1
Rf6 41. Kg1 Bf4 42. Bd4 Be5 43. Be3 Bf4 44. Bd4 Be5 45. Bb6 Qd7 46. Rd1 Rf5 47.
c4 Qe6 48. Qd3 Rf4 49. b3 Re4 50. Be3 Bf4 51. Bxf4 Rxf4 52. Rd5 Qe2 53. Qxe2
Rxe2 54. f3 Rb2 55. Rb5 Rf6 56. Re1 Rf5 57. Rxb7 Rg5 58. g4 Ra5 59. Rbe7 Raa2
60. R7e3 Rg2+ 61. Kh1 Rh2+ 62. Kg1 Rhg2+ 63. Kh1 Rh2+ 64. Kg1 Rag2+ 65. Kf1
Rf2+ 66. Kg1 Rhg2+ 1/2-1/2

[Event "Yerevan op"]
[Site "Yerevan"]
[Date "1996.??.??"]
[Round "7"]
[White "Aronian, Levon"]
[Black "Zschischang, Marine"]
[Result "1-0"]
[WhiteElo "2310"]
[BlackElo "2085"]
[PlyCount "91"]
[EventDate "1996.??.??"]
[EventType "swiss"]
[EventRounds "11"]
[EventCountry "ARM"]
[SourceTitle "CBM 052 Extra"]
[Source "ChessBase"]
[SourceDate "1996.07.01"]
[SourceVersion "1"]
[SourceVersionDate "1996.07.01"]
[SourceQuality "1"]

1. e4 c6 2. Nc3 d5 3. d4 dxe4 4. Nxe4 Bf5 5. Ng3 Bg6 6. h4 h6 7. Nf3 Nd7 8. h5
Bh7 9. Bd3 Bxd3 10. Qxd3 Qc7 11. Bd2 e6 12. Qe2 Ngf6 13. O-O-O O-O-O 14. Ne5
Nb6 15. Ba5 Rd5 16. Bxb6 axb6 17. f4 b5 18. Nf1 Rd8 19. Ne3 Bd6 20. Kb1 Rhe8
21. Rh3 Re7 22. Rg3 Ne8 23. Qg4 Bxe5 24. fxe5 Kb8 25. Qe2 Red7 26. c3 Qb6 27.
Nc2 Kc8 28. Rf1 Qc7 29. Rgf3 Re7 30. Nb4 Rdd7 31. Nd3 b6 32. Nf2 b4 33. Qe4 f5
34. Qf4 Kb7 35. cxb4 Qd8 36. Rd3 Nc7 37. Rc1 Nb5 38. Rc4 Rd5 39. a4 Na7 40. Nd1
b5 41. axb5 cxb5 42. Rc5 Nc6 43. Nc3 Nxb4 44. Nxd5 Nxd3 45. Rxb5+ Kc6 46. Qf3
1-0

[Event "Yerevan op"]
[Site "Yerevan"]
[Date "1996.??.??"]
[Round "11"]
[White "Mchedlishvili, Mikheil"]
[Black "Aronian, Levon"]
[Result "1/2-1/2"]
[WhiteElo "2275"]
[BlackElo "2310"]
[PlyCount "112"]
[EventDate "1996.??.??"]
[EventType "swiss"]
[EventRounds "11"]
[EventCountry "ARM"]
[SourceTitle "CBM 052 Extra"]
[Source "ChessBase"]
[SourceDate "1996.07.01"]
[SourceVersion "1"]
[SourceVersionDate "1996.07.01"]
[SourceQuality "1"]

1. Nf3 Nf6 2. c4 g6 3. Nc3 d5 4. cxd5 Nxd5 5. e4 Nxc3 6. dxc3 Qxd1+ 7. Kxd1 f6
8. Be3 e5 9. Nd2 Nd7 10. Nb3 h5 11. f3 Bd6 12. Kc2 b6 13. Rd1 Bb7 14. Bb5 O-O-O
15. Nd2 Nc5 16. Bc4 Rh7 17. b4 Nd7 18. Bb3 Be7 19. a4 Kb8 20. Rhe1 Nf8 21. a5
b5 22. Ba2 Rh8 23. Nb3 Ne6 24. a6 Bxa6 25. Na5 Rxd1 26. Rxd1 Nd8 27. Rd7 Bd6
28. Rxd8+ Rxd8 29. Nc6+ Kc8 30. Nxd8 Kxd8 31. Bf7 g5 32. Bxh5 Bc8 33. Bxa7 Be6
34. Kd2 f5 35. exf5 Bxf5 36. Bc5 Ke7 37. Bxd6+ cxd6 38. Ke3 Be6 39. Bg6 Bc4 40.
g3 Kf6 41. Bc2 d5 42. h3 Kg7 43. Kf2 Kh6 44. g4 Kg7 45. Bd1 Kf6 46. Kg3 Ke6 47.
h4 gxh4+ 48. Kxh4 e4 49. fxe4 dxe4 50. Kg3 Ke5 51. g5 Kf5 52. Bc2 Bf7 53. Kf2
Kf4 54. Bd1 e3+ 55. Ke1 Kxg5 56. Be2 Be8 1/2-1/2

[Event "Cannes op"]
[Site "Cannes"]
[Date "1996.??.??"]
[Round "5"]
[White "Bauer, Christian"]
[Black "Aronian, Levon"]
[Result "1-0"]
[WhiteElo "2430"]
[BlackElo "2310"]
[PlyCount "121"]
[EventDate "1996.02.??"]
[EventType "swiss"]
[EventRounds "9"]
[EventCountry "FRA"]
[SourceTitle "CBM 051 Extra"]
[Source "ChessBase"]
[SourceDate "1996.05.01"]
[SourceVersion "1"]
[SourceVersionDate "1996.05.01"]
[SourceQuality "1"]

1. e4 c5 2. Nf3 d6 3. d4 cxd4 4. Nxd4 Nf6 5. Nc3 g6 6. Be2 Bg7 7. O-O Nc6 8.
Nb3 O-O 9. Re1 Be6 10. Bf1 d5 11. Nc5 d4 12. Nxe6 fxe6 13. Nb1 Ne5 14. h3 Qb6
15. Bd3 Nh5 16. Nd2 Nf4 17. Nc4 Nxc4 18. Bxc4 d3 19. Be3 Qxb2 20. cxd3 Qxa1 21.
Qxa1 Bxa1 22. Rxa1 Kg7 23. Kf1 e5 24. g3 Nh5 25. Ke2 b6 26. Rb1 Nf6 27. Rb5 Nd7
28. Rd5 Rad8 29. Bb5 Nc5 30. Rxe5 Kf6 31. d4 Ne6 32. Kd3 Rd6 33. Bc4 Rfd8 34.
Bd5 R8d7 35. h4 b5 36. g4 Ra6 37. g5+ Kf7 38. Bb3 Rdd6 39. Rxb5 Rab6 40. Ra5
Ra6 41. Rc5 Ke8 42. Rc3 Nxd4 43. Bxd4 e5 44. Bd5 exd4 45. Rc7 Ra3+ 46. Kxd4 Rd7
47. Rc8+ Rd8 48. Rc2 Kd7 49. Rb2 Ke7 50. Ke5 Kf8 51. f4 Re8+ 52. Be6 Re3 53.
Rb4 Kg7 54. h5 gxh5 55. f5 h4 56. Rb7+ Kh8 57. Kf4 Re1 58. f6 Rf1+ 59. Kg4 Rg1+
60. Kh5 h3 61. Kh6 1-0

[Event "Cannes op"]
[Site "Cannes"]
[Date "1996.??.??"]
[Round "7"]
[White "Piankov, Evgenij"]
[Black "Aronian, Levon"]
[Result "1/2-1/2"]
[WhiteElo "2410"]
[BlackElo "2310"]
[PlyCount "89"]
[EventDate "1996.02.??"]
[EventType "swiss"]
[EventRounds "9"]
[EventCountry "FRA"]
[SourceTitle "CBM 051 Extra"]
[Source "ChessBase"]
[SourceDate "1996.05.01"]
[SourceVersion "1"]
[SourceVersionDate "1996.05.01"]
[SourceQuality "1"]

1. d4 Nf6 2. Nf3 g6 3. Bg5 Bg7 4. Nbd2 d5 5. e3 O-O 6. Be2 c5 7. O-O Nc6 8. c3
Qb6 9. Qb3 cxd4 10. Qxb6 axb6 11. exd4 Bf5 12. Rfe1 Ne4 13. Bf4 Nxd2 14. Nxd2
Rfc8 15. Nf1 Bd7 16. Ne3 e6 17. g4 f6 18. Bg3 Na5 19. f4 b5 20. f5 Bh6 21. Bf3
Nb3 22. axb3 Bxe3+ 23. Kg2 Rxa1 24. Rxa1 b4 25. c4 gxf5 26. gxf5 Bxd4 27. Rd1
Bxb2 28. fxe6 Bxe6 29. Bxd5 Re8 30. Bxe6+ Rxe6 31. Rd7 b6 32. Bf2 Re2 33. Kf3
Rc2 34. Rd3 Be5 35. Bxb6 Rxh2 36. Ke4 Kf7 37. Ba5 Ke6 38. Bxb4 h5 39. Re3 h4
40. Bc3 h3 41. Bxe5 fxe5 42. b4 Rd2 43. Rxh3 Rd4+ 44. Ke3 Rxc4 45. Rh6+ 1/2-1/2

[Event "Cannes op"]
[Site "Cannes"]
[Date "1996.??.??"]
[Round "8"]
[White "Aronian, Levon"]
[Black "Haik, Aldo"]
[Result "1-0"]
[WhiteElo "2310"]
[BlackElo "2440"]
[PlyCount "93"]
[EventDate "1996.02.??"]
[EventType "swiss"]
[EventRounds "9"]
[EventCountry "FRA"]
[SourceTitle "CBM 051 Extra"]
[Source "ChessBase"]
[SourceDate "1996.05.01"]
[SourceVersion "1"]
[SourceVersionDate "1996.05.01"]
[SourceQuality "1"]

1. e4 c5 2. Nf3 Nc6 3. d4 cxd4 4. Nxd4 g6 5. Nb3 Bg7 6. Nc3 Nf6 7. Be2 O-O 8.
O-O d6 9. Re1 Be6 10. Bg5 a6 11. Bf1 b5 12. Nd5 Nd7 13. c3 Re8 14. Qc2 Nb6 15.
Rad1 Rc8 16. f4 Nc4 17. Qf2 f6 18. Bh4 Bf7 19. h3 Rb8 20. Nc1 e6 21. Ne3 Nxe3
22. Rxe3 Qc7 23. Red3 d5 24. exd5 exd5 25. Nb3 f5 26. Be2 d4 27. cxd4 Bc4 28.
R3d2 Qd6 29. d5 Nb4 30. Bf3 Bxb3 31. axb3 Rbc8 32. Re2 Kf8 33. Rde1 Nd3 34.
Rxe8+ Rxe8 35. Rxe8+ Kxe8 36. Qe3+ Kd7 37. Qxd3 Qxf4 38. Bf2 Qc1+ 39. Kh2 Qxb2
40. Qe3 Qe5+ 41. Kg1 Qxe3 42. Bxe3 h5 43. Kf2 Be5 44. Bc5 Bf4 45. Ke2 Bc1 46.
b4 Bf4 47. d6 1-0

[Event "Cannes op"]
[Site "Cannes"]
[Date "1996.??.??"]
[Round "9"]
[White "Touzane, Olivier"]
[Black "Aronian, Levon"]
[Result "1-0"]
[WhiteElo "2500"]
[BlackElo "2310"]
[PlyCount "52"]
[EventDate "1996.02.??"]
[EventType "swiss"]
[EventRounds "9"]
[EventCountry "FRA"]
[SourceTitle "CBM 051 Extra"]
[Source "ChessBase"]
[SourceDate "1996.05.01"]
[SourceVersion "1"]
[SourceVersionDate "1996.05.01"]
[SourceQuality "1"]

1. Nf3 Nf6 2. c4 g6 3. Nc3 Bg7 4. e4 c5 5. d4 cxd4 6. Nxd4 O-O 7. Be2 Nc6 8.
O-O Nxe4 9. Nxc6 Nxc3 10. Nxe7+ Qxe7 11. bxc3 Bxc3 12. Rb1 d6 13. Rb3 Be5 14.
Ba3 Rd8 15. f4 Bf6 16. Bf3 Qc7 17. Bd5 Qa5 18. f5 Kg7 19. fxg6 hxg6 20. Rxf6
Kxf6 21. Rf3+ Bf5 22. g4 Re8 23. Bb2+ Ke7 24. gxf5 gxf5 25. Rxf5 Rg8+ 26. Kh1
Raf8 1-0

[Event "Pardubice KB op"]
[Site "Pardubice"]
[Date "1996.??.??"]
[Round "2"]
[White "Aronian, Levon"]
[Black "Sikorova, Olga"]
[Result "1-0"]
[WhiteElo "2390"]
[BlackElo "2150"]
[PlyCount "49"]
[EventDate "1996.07.??"]
[EventType "swiss"]
[EventRounds "9"]
[EventCountry "CZE"]
[SourceTitle "CBM 055 Extra"]
[Source "ChessBase"]
[SourceDate "1997.01.01"]
[SourceVersion "1"]
[SourceVersionDate "1997.01.01"]
[SourceQuality "1"]

1. e4 d5 2. exd5 Nf6 3. Bb5+ Nbd7 4. Nc3 a6 5. Bxd7+ Qxd7 6. Qf3 g6 7. Nge2 Bg7
8. O-O O-O 9. d3 Rd8 10. Nf4 Rb8 11. Re1 Bf8 12. Be3 b5 13. Ba7 Ra8 14. Bd4 Bb7
15. Bxf6 exf6 16. Ne4 Be7 17. c4 f5 18. Nc3 b4 19. Na4 Bd6 20. b3 Rab8 21. d4
c6 22. c5 Bxf4 23. Qxf4 Qxd5 24. Nb6 Qxd4 25. Re8+ 1-0

[Event "Pardubice KB op"]
[Site "Pardubice"]
[Date "1996.??.??"]
[Round "4"]
[White "Aronian, Levon"]
[Black "Turner, Jan"]
[Result "1/2-1/2"]
[WhiteElo "2390"]
[BlackElo "2215"]
[PlyCount "112"]
[EventDate "1996.07.??"]
[EventType "swiss"]
[EventRounds "9"]
[EventCountry "CZE"]
[SourceTitle "CBM 055 Extra"]
[Source "ChessBase"]
[SourceDate "1997.01.01"]
[SourceVersion "1"]
[SourceVersionDate "1997.01.01"]
[SourceQuality "1"]

1. e4 c5 2. Nf3 e6 3. d4 cxd4 4. Nxd4 Nf6 5. Nc3 Nc6 6. Ndb5 d6 7. Bf4 e5 8.
Bg5 a6 9. Na3 b5 10. Bxf6 gxf6 11. Nd5 f5 12. c3 Bg7 13. exf5 Bxf5 14. Nc2 O-O
15. Nce3 Be6 16. g3 f5 17. Bg2 Ra7 18. f4 Ne7 19. O-O e4 20. Rf2 Nxd5 21. Nxd5
a5 22. a3 Rb7 23. Rd2 b4 24. axb4 axb4 25. Nxb4 Rxb4 26. Rxd6 Bd4+ 27. Rxd4
Rxd4 28. Qxd4 Qxd4+ 29. cxd4 Rb8 30. Rb1 Rb4 31. Bf1 Kf7 32. Kf2 Ba2 33. Rc1
Rxb2+ 34. Be2 Ke6 35. Ke3 Rb3+ 36. Kd2 Rb2+ 37. Ke3 Rb3+ 38. Kf2 Rb2 39. Rc3
Kd6 40. Ke3 Be6 41. h3 Rb1 42. Ra3 Rh1 43. Ra6+ Kd5 44. Ra5+ Kd6 45. d5 Bxd5
46. Kd4 Bc6 47. Rxf5 Rxh3 48. Rf6+ Kc7 49. Rf7+ Kd6 50. Rg7 Rh2 51. Ke3 Rh6 52.
Rg8 Rg6 53. Bc4 Rxg8 54. Bxg8 h6 55. Bh7 Ke6 56. Bxe4 Bd7 1/2-1/2

[Event "Pardubice KB op"]
[Site "Pardubice"]
[Date "1996.??.??"]
[Round "5"]
[White "Cherkasov, Nikolai"]
[Black "Aronian, Levon"]
[Result "1/2-1/2"]
[WhiteElo "2295"]
[BlackElo "2390"]
[PlyCount "82"]
[EventDate "1996.07.??"]
[EventType "swiss"]
[EventRounds "9"]
[EventCountry "CZE"]
[SourceTitle "CBM 055 Extra"]
[Source "ChessBase"]
[SourceDate "1997.01.01"]
[SourceVersion "1"]
[SourceVersionDate "1997.01.01"]
[SourceQuality "1"]

1. e4 c5 2. Nc3 Nc6 3. f4 g6 4. Nf3 Bg7 5. Bc4 e6 6. O-O Nge7 7. Qe1 O-O 8. d3
d5 9. Bb3 Nd4 10. Nxd4 cxd4 11. Ne2 dxe4 12. dxe4 b5 13. Bd2 a5 14. a4 bxa4 15.
Bxa4 Qb6 16. Qf2 Ba6 17. Kh1 Rfb8 18. Rfb1 d3 19. Be3 Qb7 20. Ng3 Rc8 21. c3 h5
22. Bd1 h4 23. Nf1 h3 24. Nd2 Bb5 25. Bf3 hxg2+ 26. Qxg2 Ra6 27. Nb3 Qc7 28.
Rg1 Be8 29. h4 a4 30. Nc5 Ra5 31. Nxd3 a3 32. b4 Qxc3 33. bxa5 Qxd3 34. Qd2 Rc3
35. Qxd3 Rxd3 36. Bc5 Bxa1 37. Rxa1 Rxf3 38. Bxe7 Rxf4 39. Rxa3 Rxe4 40. a6 Bc6
41. Kg1 Ra4 1/2-1/2

[Event "Pardubice KB op"]
[Site "Pardubice"]
[Date "1996.??.??"]
[Round "6"]
[White "Aronian, Levon"]
[Black "Mudelsee, Manfred"]
[Result "1-0"]
[WhiteElo "2390"]
[BlackElo "2250"]
[PlyCount "97"]
[EventDate "1996.07.??"]
[EventType "swiss"]
[EventRounds "9"]
[EventCountry "CZE"]
[SourceTitle "CBM 055 Extra"]
[Source "ChessBase"]
[SourceDate "1997.01.01"]
[SourceVersion "1"]
[SourceVersionDate "1997.01.01"]
[SourceQuality "1"]

1. d4 d5 2. Nc3 Nc6 3. e4 Nf6 4. e5 Ng8 5. f4 h5 6. Be2 Bf5 7. Be3 e6 8. a3 Bg4
9. Nf3 Nh6 10. Bf2 Be7 11. Qd2 Nf5 12. O-O-O Qd7 13. Qd3 Na5 14. Nd2 Bxe2 15.
Nxe2 Qc6 16. g3 Nc4 17. h3 Qb5 18. Nxc4 Qxc4 19. Qxc4 dxc4 20. d5 O-O-O 21.
dxe6 fxe6 22. Rxd8+ Bxd8 23. Kd2 Be7 24. Rd1 Rd8+ 25. Ke1 Rxd1+ 26. Kxd1 Kd7
27. Nc3 g5 28. fxg5 Bxg5 29. Ne4 Be7 30. Ke2 Nh6 31. Kf3 Nf7 32. Kf4 c3 33. b4
Bf8 34. g4 hxg4 35. hxg4 Bg7 36. Nf6+ Kc6 37. g5 Nh8 38. Kg4 Ng6 39. Bd4 Kb5
40. Bxc3 Ka4 41. Bb2 Kb5 42. Kf3 c5 43. bxc5 Kxc5 44. Ke4 a5 45. Ne8 Bh8 46.
Nd6 b5 47. Bc3 b4 48. Bd4+ Kc6 49. a4 1-0

[Event "Pardubice KB op"]
[Site "Pardubice"]
[Date "1996.??.??"]
[Round "8"]
[White "Aronian, Levon"]
[Black "Kacirek, Petr"]
[Result "1-0"]
[WhiteElo "2390"]
[BlackElo "2260"]
[PlyCount "67"]
[EventDate "1996.07.??"]
[EventType "swiss"]
[EventRounds "9"]
[EventCountry "CZE"]
[SourceTitle "CBM 055 Extra"]
[Source "ChessBase"]
[SourceDate "1997.01.01"]
[SourceVersion "1"]
[SourceVersionDate "1997.01.01"]
[SourceQuality "1"]

1. d4 Nf6 2. Nc3 d5 3. Bg5 e6 4. e4 Be7 5. e5 Nfd7 6. h4 a6 7. Qg4 f5 8. Qh5+
g6 9. Qh6 Bxg5 10. hxg5 Qe7 11. Nge2 Nf8 12. Nf4 c6 13. Bd3 Rg8 14. a3 Nbd7 15.
Kf1 b6 16. Nce2 Bb7 17. c3 O-O-O 18. f3 Kb8 19. Kf2 Rc8 20. b4 Ka7 21. a4 Qg7
22. c4 c5 23. cxd5 cxd4 24. Qxg7 Rxg7 25. dxe6 Nxe5 26. Nxd4 Rd8 27. Ke3 Re7
28. Rad1 Nf7 29. Bc4 Rc8 30. Nd5 Bxd5 31. Bxd5 Nxe6 32. Bxe6 Nxg5 33. Kf2 Nxe6
34. Rhe1 1-0

[Event "Olympiad-32"]
[Site "Yerevan"]
[Date "1996.09.25"]
[Round "9.4"]
[White "Aronian, Levon"]
[Black "Urban, Klaudiusz"]
[Result "0-1"]
[WhiteElo "2390"]
[BlackElo "2470"]
[PlyCount "38"]
[EventDate "1996.09.15"]
[EventType "team-swiss"]
[EventRounds "14"]
[EventCountry "ARM"]
[SourceTitle "CBM 055"]
[Source "ChessBase"]
[SourceDate "1996.12.01"]
[SourceVersion "1"]
[SourceVersionDate "1996.12.01"]
[SourceQuality "1"]
[WhiteTeam "Armenia II"]
[BlackTeam "Poland"]
[WhiteTeamCountry "ARM"]
[BlackTeamCountry "POL"]

1. e4 g6 2. d4 Bg7 3. c3 d5 4. e5 c5 5. f4 cxd4 6. cxd4 Nc6 7. Nc3 Nh6 8. Be2
O-O 9. Be3 f6 10. g4 Nf7 11. Bf3 fxe5 12. fxe5 e6 13. h4 Qb6 14. Bf2 Qxb2 15.
Rc1 Nb4 16. Bg2 Bh6 17. g5 Nxg5 18. hxg5 Bxg5 19. Rb1 Nc2+ 0-1

[Event "RUS-Cup2"]
[Site "Moscow"]
[Date "1996.??.??"]
[Round "4"]
[White "Volkov, Sergey"]
[Black "Aronian, Levon"]
[Result "1-0"]
[WhiteElo "2485"]
[BlackElo "2390"]
[PlyCount "109"]
[EventDate "1996.11.28"]
[EventType "swiss"]
[EventRounds "9"]
[EventCountry "RUS"]
[SourceTitle "CBM 056 Extra"]
[Source "ChessBase"]
[SourceDate "1997.03.01"]
[SourceVersion "1"]
[SourceVersionDate "1997.03.01"]
[SourceQuality "1"]

1. d4 Nf6 2. c4 g6 3. Nc3 d5 4. Nf3 Bg7 5. Bg5 Ne4 6. cxd5 Nxg5 7. Nxg5 e6 8.
Qd2 exd5 9. Qe3+ Kf8 10. Nf3 c5 11. dxc5 d4 12. Qd2 Nc6 13. Nb5 b6 14. cxb6
Qxb6 15. e3 dxe3 16. fxe3 Ba6 17. Nbd4 Nxd4 18. Nxd4 Bb7 19. O-O-O Bf6 20. Kb1
Kg7 21. Bc4 Rhd8 22. Rhf1 Rac8 23. Bb3 Be4+ 24. Ka1 Rc6 25. Qf2 Rcd6 26. Rd2 a5
27. Qf4 a4 28. Bxf7 Rxd4 29. exd4 Rxd4 30. Rxd4 Qxd4 31. Qxf6+ Qxf6 32. Rxf6
Kxf6 33. Be8 a3 34. g3 axb2+ 35. Kxb2 Ke7 36. Ba4 Kd6 37. Bc2 Bc6 38. Kc3 Kc5
39. a4 g5 40. a5 h5 41. a6 h4 42. g4 Kb6 43. Kd4 Kxa6 44. Be4 Ba4 45. Ke5 Kb6
46. Kf6 Kc7 47. Kxg5 Kd8 48. Kxh4 Ke7 49. Kg5 Kf7 50. Kh6 Kg8 51. g5 Be8 52. h4
Kh8 53. h5 Bf7 54. g6 Bxg6 55. hxg6 1-0

[Event "RUS-Cup2"]
[Site "Moscow"]
[Date "1996.??.??"]
[Round "5"]
[White "Aronian, Levon"]
[Black "Kiriakov, Petr"]
[Result "1-0"]
[WhiteElo "2390"]
[BlackElo "2515"]
[PlyCount "83"]
[EventDate "1996.11.28"]
[EventType "swiss"]
[EventRounds "9"]
[EventCountry "RUS"]
[SourceTitle "CBM 056 Extra"]
[Source "ChessBase"]
[SourceDate "1997.03.01"]
[SourceVersion "1"]
[SourceVersionDate "1997.03.01"]
[SourceQuality "1"]

1. c4 Nf6 2. Nf3 e6 3. b3 d5 4. Bb2 Be7 5. cxd5 exd5 6. e3 O-O 7. Be2 Bg4 8.
O-O Nbd7 9. d3 Re8 10. Nbd2 a5 11. a3 c6 12. Bc3 Bd6 13. Re1 Qe7 14. Qc1 c5 15.
a4 b6 16. Qb2 Rac8 17. Rac1 d4 18. exd4 cxd4 19. Bxd4 Ba3 20. Rxc8 Bxb2 21.
Rxe8+ Qxe8 22. Bxb2 Nd5 23. Bf1 Qd8 24. Nd4 N7f6 25. Nc4 h6 26. g3 Nb4 27. Ne5
Bd7 28. Bg2 Be8 29. Nf5 h5 30. g4 Nxg4 31. Nxg7 Nxe5 32. Rxe5 Bd7 33. Nxh5 Be6
34. Re3 Qc7 35. h4 Kf8 36. Be5 Qc1+ 37. Kh2 Ke7 38. Nf4 Nc2 39. Re4 Kd7 40. h5
f5 41. h6 Bg8 42. Rc4 1-0

[Event "RUS-Cup2"]
[Site "Moscow"]
[Date "1996.??.??"]
[Round "6"]
[White "Nikolenko, Oleg"]
[Black "Aronian, Levon"]
[Result "1-0"]
[WhiteElo "2480"]
[BlackElo "2390"]
[PlyCount "127"]
[EventDate "1996.11.28"]
[EventType "swiss"]
[EventRounds "9"]
[EventCountry "RUS"]
[SourceTitle "CBM 056 Extra"]
[Source "ChessBase"]
[SourceDate "1997.03.01"]
[SourceVersion "1"]
[SourceVersionDate "1997.03.01"]
[SourceQuality "1"]

1. e4 c5 2. Ne2 d6 3. g3 g6 4. Bg2 Bg7 5. c3 Nc6 6. d4 cxd4 7. cxd4 Nf6 8. Nbc3
O-O 9. O-O e5 10. h3 exd4 11. Nxd4 Nxe4 12. Nxc6 Nxc3 13. Nxd8 Nxd1 14. Nxb7
Bxb7 15. Bxb7 Rab8 16. Rxd1 Rxb7 17. Rb1 Rb6 18. b3 Ra6 19. a4 Rb8 20. Be3 h5
21. Kg2 Kh7 22. g4 Bh6 23. g5 Bg7 24. Rd5 Rxa4 25. bxa4 Rxb1 26. Ra5 Ra1 27.
Rxa7 d5 28. Bb6 d4 29. Kf3 Ra3+ 30. Ke4 d3 31. Be3 Kg8 32. Ra8+ Kh7 33. Ra7 Kg8
34. a5 Bc3 35. Kxd3 Bxa5+ 36. Kc4 Rc3+ 37. Kb5 Bc7 38. Bd4 Bb8 39. Ra8 Rc8 40.
Be5 Bxe5 41. Rxc8+ Kg7 42. Kc4 Bf4 43. Rc5 f6 44. gxf6+ Kxf6 45. Kd3 Bh2 46.
Ke4 Kg7 47. f4 Bg3 48. Rb5 Kf6 49. Rb3 Bf2 50. Rc3 Be1 51. Rc6+ Kg7 52. Ke5 Bg3
53. Rc3 Bh4 54. Ke6 Bd8 55. Rc2 Bh4 56. Rg2 Bf6 57. f5 g5 58. Rc2 Bd4 59. Rc7+
Kh6 60. f6 g4 61. hxg4 hxg4 62. Rc4 Bxf6 63. Kxf6 Kh5 64. Kf5 1-0